• 首页
  • 本馆介绍
  • 公告通知
  • 最新文献
  • 馆藏检索
  • 电子资源
  • 读者导购
  • 参考咨询
  • 我的图书馆
  • 登录
  • 详细信息显示
  • 放入我的书架
  • 预约/预借图书
  • 作者相关作品
  • 分类相关作品
  • 丛书相关作品
  • 出版社相关作品

书目信息

  • 表格格式
  • 工作单格式
  • 卡片格式
题名:
湍流
    
 
作者: 欣茨 , Hinze 著 ;黄永念 , 颜大椿 译
分册: 上册  
出版信息: 北京   科学出版社  1987
页数: 399页
开本: 20cm
丛书名:
单 册:
中图分类: O357.5
科图分类:
主题词: 湍流
电子资源:
ISBN:
000 00811nam0 2200301 45
001 0187008603
005 20040917083736.8
010    @dCNY3.65
091    @a13031.3573
100    @a19900808d1987 emky0chiy0121 ea
101 1  @achi@ceng
102    @aCN@b110000
105    @ay z 000yy
106    @ar
200 10 @a湍流@Atuan liu@h上册@f(荷)欣茨(Hinze,J.O)著@g黄永念, 颜大椿译
210    @a北京@c科学出版社@d1987
215    @a399页@d20cm
300    @a书名原文: Turbulence.
510 1  @aTurbulence@zeng
606    @a湍流
690    @aO357.5@v3
701  1 @a欣茨@Axin ci@bJ.O@4著
701 A1 @aHinze@bJ.O@4著
702  0 @a黄永念@Ahuang yong nian@4译
702  0 @a颜大椿@Ayan da chun@4译
801  0 @aCN@b深圳图书馆@c20040518
801  2 @aCN@bNLC@c20040518
905    @dO357.5@e4:1@f1@b214754
    
    湍流.上册/(荷)欣茨(Hinze,J.O)著/黄永念, 颜大椿译.-北京:科学出版社,1987
    399页;20cm
    书名原文: Turbulence.
    
    ISBN :CNY3.65
    
●
相关链接 在E读中查询图书 在五车中查询图书 在当当中查询图书 在豆瓣中查询图书


正题名:湍流     索取号:O357.5/4:1         预约/预借

序号 登录号 条形码 馆藏地/架位号 状态 备注
1 0214753   000386479   第三借阅区/ [索取号:O357.5/4:1] 在馆    
2 0214754   001959125   第三借阅区/ [索取号:O357.5/4:1] 在馆    
3 0214755   000386460   第二样本阅览室/ [索取号:O357.5/4:1] 在馆    
唐山师范学院图书馆 欢迎您!
大连网信软件有限公司© 版权所有